Stemmi Squadre di calcio dal dettaglio - Quiz n°13 - Statistics

Statistiche generali
  • Questo quiz è stato fatto 4 volte
  • Il punteggio medio è 5 su 10
Statistiche sulle risposte
con Immagini Risposta % Corretto
Bayern Monaco
100%
Cosenza
100%
Hannover 96
100%
Copenaghen
67%
Los Angeles Galaxy
33%
San Lorenzo
33%
Twente
33%
Ancona
0%
Hapoel Tel Aviv
0%
Levski Sofia
0%
Nessun quiz corrispondente trovato
Distribuzione punteggi
Percentuale di utenti per punteggio
Percentile per numero di risposta
I tuoi punteggi nel tempo
Non hai fatto questo quiz